| 000 | 01206cam a2200229 4500 | ||
|---|---|---|---|
| 001 | ABS64558 | ||
| 008 | 010926n2001 000 0 eng u | ||
| 035 | _a(Sirsi) u114836 | ||
| 100 | _aJoyce, J. | ||
| 245 | _aNew line on distraint could lead to distress | ||
| 260 | _c2001 | ||
| 490 |
_aEstates Gazette _v(0138) 22 September 2001, 186-187(2) |
||
| 520 | _aThe Lord Chancellor's Department (LCD) is seeking to modify distress to bring it in line with the European Convention on Human Rights. The LCD is proposing to abolish distress in the residential sector, and modify it in the commercial sector. It recognises that the commercial property world relies heavily on distress to recover rent arrears. Sets out, and discusses, the main features of the LCD's consultation paper on commercial property distress. Suggests that the proposed modifications risk making the remedy of distress unworkable. | ||
| 590 | _aABS | ||
| 650 | _aDISTRESS FOR RENT | ||
| 650 | _aPROPERTY-COMMERCIAL PROPERTY | ||
| 650 | _aRENT ARREARS | ||
| 650 | _aCONVENTION FOR THE PROTECTION OF HUMAN RIGHTS AND FUNDAMENTAL FREEDOMS | ||
| 650 | _aCONSULTATION | ||
| 690 | _aPROPERTY-LANDLORD AND TENANT | ||
| 942 | _n0 | ||
| 999 |
_c68367 _d68367 |
||